000 01054nam a22003137a 4500
003 CHAP
005 20220329140000.0
008 971013s1978 r 00010 d
010 _a45075
011 _a46047
035 _a50187
040 _cCHAP
082 _a301.16
_bU5
110 _aUniversidad Nacional Autónoma de México. Dirección General de Difusión Cultural
_9116509
245 _aCiencias de la comunicación
260 _aMéxico, D.F. :
_bLa Universidad,
_c1978
300 _a155 p.
490 _aLas humanidades en el Siglo XX
_v; 2
590 _aBATCH-UPD
_b10
_c20130110
_lUCH01
_h1807
590 _aBATCH-UPD
_b10
_c20130410
_lUCH01
_h1142
590 _aBATCH-UPD
_b10
_c20130914
_lUCH01
_h1024
590 _aBATCH-UPD
_b10
_c20161114
_lUCH01
_h0924
590 _aCONVERSION
_b10
_c20130109
_lUCH01
_h1325
650 1 4 _aComunicación, teoría de la.
_926242
830 0 _aLas humanidades en el Siglo XX
_v; 2
_965005
901 _aBK
942 _cLIBRO
949 _a301.16 U5
_bBC
_cLIBRO
_d33724000289773
_eLIBRO
_h54809
_i50187
_si
_t70.00
999 _c45075
_d45075